Statistiken für Bandmitglieder Quiz - International

Klicken Sie hier um das Quiz zu spielen!

Allgemein

  • Dieses Quiz wurde 410 mal gespielt
  • Das Durchschnittsergebnis liegt bei 14 aus 22

Antwortstatistiken

Mitglieder Band % Korrekt
Lennon, McCartney, Harrison, StarrThe Beatles
98%
Jackson, Jackson, Jackson,
Jackson, Jackson
The Jackson 5
96%
Jagger, Richards, Watts, WoodThe Rolling
Stones
95%
Mercury, May, Taylor, DeaconQueen
89%
Cobain, Novoselic, GrohlNirvana
85%
Bono, The Edge, Clayton, MullenU2
80%
Van Halen, Van Halen, Anthony, RothVan Halen
78%
Fältskog, Andersson, Lyngstad, UlvaeusABBA
74%
Beckham, Halliwell, Chisholm,
Brown, Bunton
Spice Girls
73%
Sting, Summers, CopelandThe Police
70%
Gallagher, Gallagher, Arthurs,
McGuigan, McCarroll
Oasis
67%
Fleetwood, McVie, McVie,
Buckingham, Nicks
Fleetwood Mac
65%
Rose, Slash, Stradlin, McKagen, AdlerGuns N' Roses
62%
Collins, Gabriel, Banks,
Hackett, Rutherford
Genesis
62%
Gibb, Gibb, GibbThe Bee Gees
61%
Hetfield, Ulrich, Hammett, TrujilloMetallica
59%
Simmons, Stanley, Frehley, CrissKISS
44%
Waters, Mason, Wright, GilmourPink Floyd
40%
Plant, Page, Jones, BonhamLed Zeppelin
40%
Crosby, Stills, NashCrosby, Stills
& Nash
28%
Stipe, Buck, Mills, BerryR.E.M.
26%
Fendrich, Ambros, DanzerAustria 3
15%

Verteilung der Resultate

Perzentil nach korrekt beantworteten Fragen

Anzahl Personen mit jedem Resultat

Ihre Resultats-Entwicklung

Sie haben dieses Quiz noch nicht gespielt